LEADER 01274nam a22002891i 4500 001 991000582199707536 005 20030114172306.0 008 021018s1989 it |||||||||||||||||ita 020 $a882223684X 035 $ab12025768-39ule_inst 035 $aARCHE-011556$9ExL 040 $aDip.to Filologia Ling. e Lett.$bita$cA.t.i. Arché s.c.r.l. Pandora Sicilia s.r.l. 082 04$a849.1040 100 1 $aLandoni, Elena$0167953 245 13$aLa teoria letteraria dei provenzali /$cElena Landoni 260 $aFirenze :$bL. S. Olschki,$c1989 300 $aXXXIII, 165 p. ;$c26 cm 490 0 $aBiblioteca dell'Archivum Romanicum.$nSerie 1,$pStoria letteratura paleografia 650 4$aPoesia trovadorica 907 $a.b12025768$b28-04-17$c01-04-03 912 $a991000582199707536 945 $aLE008 Cr O VIII 41$g1$i2008000247935$lle008$o-$pE0.00$q-$rl$s- $t0$u0$v0$w0$x0$y.i12315126$z01-04-03 945 $aLE008 FL.M. VIII B 46$g2$iLE008N-5451$lle008$o-$pE0.00$q-$rl$s- $t0$u0$v0$w0$x0$y.i12315138$z01-04-03 945 $aLE008 FL.M. (f.r.) XVI 122$g3$i2008000504342$lle008$o-$pE0.00$q-$rl$s- $t0$u0$v0$w0$x0$y.i1231514x$z01-04-03 996 $aTeoria letteraria dei provenzali$9142788 997 $aUNISALENTO 998 $ale008$b01-04-03$cm$da $e-$fita$git $h3$i3 LEADER 01865oam 2200529zu 450 001 9910134084603321 005 20241212214750.0 035 $a(CKB)111026746699230 035 $a(SSID)ssj0000396381 035 $a(PQKBManifestationID)12119400 035 $a(PQKBTitleCode)TC0000396381 035 $a(PQKBWorkID)10465007 035 $a(PQKB)10887823 035 $a(Association for Computing Machinery)10.5555/857198 035 $a(EXLCZ)99111026746699230 100 $a20160829d1999 uy 101 0 $aeng 135 $aurnn|008mam|a 181 $ctxt 182 $cc 183 $acr 200 10$a12th International Symposium on System Synthesis : November 10-12, 1999, San Jose, California : proceedings 210 31$a[Place of publication not identified]$cIEEE Computer Society$d1999 225 1 $aACM Conferences 300 $aBibliographic Level Mode of Issuance: Monograph 311 08$a9780769503561 311 08$a076950356X 410 0$aACM Conferences 517 3 $aISSS '99 606 $aSystem design$vCongresses 606 $aSystems software$vCongresses 606 $aComputer-aided software engineering$vCongresses 606 $aEngineering & Applied Sciences$2HILCC 606 $aComputer Science$2HILCC 615 0$aSystem design 615 0$aSystems software 615 0$aComputer-aided software engineering 615 7$aEngineering & Applied Sciences 615 7$aComputer Science 712 02$aACM Special Interest Group on Design Automation 712 02$aIEEE Computer Society Design Automation Technical Committee 712 12$aInternational Symposium on System Synthesis 801 0$bPQKB 906 $aPROCEEDING 912 $a9910134084603321 996 $a12th International Symposium on System Synthesis : November 10-12, 1999, San Jose, California : proceedings$92088089 997 $aUNINA